<?xml version="1.0" encoding="UTF-8"?>
<collection xmlns:xsi="http://www.w3.org/2001/XMLSchema-instance" xsi:schemaLocation="http://www.loc.gov/MARC21/slim http://www.loc.gov/standards/marcxml/schema/MARC21slim.xsd" xmlns="http://www.loc.gov/MARC21/slim">
 <record>
  <leader>00000cam a22000004i 4500</leader>
  <controlfield tag="001">UP-99796217611561186</controlfield>
  <controlfield tag="003">Buklod</controlfield>
  <controlfield tag="005">20230619154520.0</controlfield>
  <controlfield tag="006">m     o  j        </controlfield>
  <controlfield tag="007">ta</controlfield>
  <controlfield tag="008">131216s2014    xx a    rb   |000 0|eng d</controlfield>
  <datafield tag="020" ind1=" " ind2=" ">
   <subfield code="a">9783319029429</subfield>
  </datafield>
  <datafield tag="035" ind1=" " ind2=" ">
   <subfield code="a">(iLib)UPD-00243206475</subfield>
  </datafield>
  <datafield tag="040" ind1=" " ind2=" ">
   <subfield code="a">DLC</subfield>
   <subfield code="d">DML</subfield>
   <subfield code="e">rda</subfield>
  </datafield>
  <datafield tag="041" ind1="0" ind2=" ">
   <subfield code="a">eng</subfield>
  </datafield>
  <datafield tag="042" ind1=" " ind2=" ">
   <subfield code="a">DMLUC</subfield>
  </datafield>
  <datafield tag="090" ind1=" " ind2=" ">
   <subfield code="a">BD 161</subfield>
   <subfield code="b">E665 2014</subfield>
  </datafield>
  <datafield tag="245" ind1="0" ind2="0">
   <subfield code="a">Epistemology, context, and formalism</subfield>
   <subfield code="c">Franck Lihoreau, Manuel Rebuschi, editors.</subfield>
  </datafield>
  <datafield tag="264" ind1=" " ind2="1">
   <subfield code="a">Switzerland</subfield>
   <subfield code="b">Springer</subfield>
   <subfield code="c">[2014]</subfield>
  </datafield>
  <datafield tag="264" ind1=" " ind2="4">
   <subfield code="c">©2014.</subfield>
  </datafield>
  <datafield tag="300" ind1=" " ind2=" ">
   <subfield code="a">x, 250 pages</subfield>
   <subfield code="b">illustrations</subfield>
   <subfield code="c">25 cm.</subfield>
  </datafield>
  <datafield tag="336" ind1=" " ind2=" ">
   <subfield code="a">text</subfield>
   <subfield code="b">txt</subfield>
   <subfield code="2">rdacontent</subfield>
  </datafield>
  <datafield tag="337" ind1=" " ind2=" ">
   <subfield code="a">unmediated</subfield>
   <subfield code="2">rdamedia</subfield>
  </datafield>
  <datafield tag="338" ind1=" " ind2=" ">
   <subfield code="a">volume</subfield>
   <subfield code="b">nc</subfield>
   <subfield code="2">rdacarrier</subfield>
  </datafield>
  <datafield tag="490" ind1="0" ind2=" ">
   <subfield code="a">Synthese library</subfield>
   <subfield code="v">volume 369</subfield>
  </datafield>
  <datafield tag="504" ind1=" " ind2=" ">
   <subfield code="a">Includes bibliographical references.</subfield>
  </datafield>
  <datafield tag="505" ind1="0" ind2="0">
   <subfield code="a">Context as assumptions</subfield>
   <subfield code="t">Character matching and the locke pocket of belief</subfield>
   <subfield code="t">Knowledge and disagreement</subfield>
   <subfield code="t">Knowledge is justifiable true information</subfield>
   <subfield code="t">A contradiction for contextualism?</subfield>
   <subfield code="t">Belief, intention, and practicality : loosening up agents and their propositional attitudes</subfield>
   <subfield code="t">Epistemic contexts and indexicality</subfield>
   <subfield code="t">Hyperintensionality and De Re beliefs</subfield>
   <subfield code="t">Knowing who : how perspectives and context interact</subfield>
   <subfield code="t">Knowledge attributions in context of decision problems</subfield>
   <subfield code="t">A modal logic of perceptual belief</subfield>
   <subfield code="t">How context dependent is scientific knowledge?</subfield>
   <subfield code="t">Action, failure and free will choice in epistemic stit logic</subfield>
   <subfield code="r">Andreas Herzig and Emiliano Lorini --</subfield>
   <subfield code="r">Gregory Wheeler --</subfield>
   <subfield code="r">Sven Ove Hansson --</subfield>
   <subfield code="r">Paul Égré --</subfield>
   <subfield code="r">Jaakko Hi</subfield>
   <subfield code="r">Richmond H. Thomason --</subfield>
   <subfield code="r">Jan Broersen and John-Jules Charles Meyer --</subfield>
   <subfield code="r">Robert van Rooij --</subfield>
   <subfield code="r">Maria Aloni and Bruno Jacinto --</subfield>
   <subfield code="r">Yves Bouchard --</subfield>
   <subfield code="r">Peter Baumann --</subfield>
   <subfield code="r">Martin Montminy --</subfield>
   <subfield code="r">Erich Rast --</subfield>
  </datafield>
  <datafield tag="650" ind1=" " ind2="0">
   <subfield code="a">Knowledge, Theory of.</subfield>
  </datafield>
  <datafield tag="700" ind1="1" ind2=" ">
   <subfield code="a">Lihoreau, Franck</subfield>
   <subfield code="e">editor.</subfield>
  </datafield>
  <datafield tag="700" ind1="1" ind2=" ">
   <subfield code="a">Rebuschi, Manuel</subfield>
   <subfield code="e">editor.</subfield>
  </datafield>
  <datafield tag="842" ind1=" " ind2=" ">
   <subfield code="a">Book</subfield>
  </datafield>
  <datafield tag="856" ind1="4" ind2="0">
   <subfield code="u">http://www.loc.gov/catdir/enhancements/fy1405/2013957714-d.html</subfield>
   <subfield code="3">Publisher description</subfield>
  </datafield>
  <datafield tag="856" ind1="4" ind2="0">
   <subfield code="u">http://www.loc.gov/catdir/enhancements/fy1405/2013957714-t.html</subfield>
   <subfield code="3">Table of contents only</subfield>
  </datafield>
  <datafield tag="905" ind1=" " ind2=" ">
   <subfield code="a">FO</subfield>
  </datafield>
  <datafield tag="852" ind1="0" ind2=" ">
   <subfield code="a">UPD</subfield>
   <subfield code="b">DMLS</subfield>
   <subfield code="h">BD 161</subfield>
   <subfield code="i">E665 2014</subfield>
  </datafield>
  <datafield tag="942" ind1=" " ind2=" ">
   <subfield code="a">Book</subfield>
  </datafield>
 </record>
</collection>
